| 000 | 00509nam a2200181 i 4500 | ||
|---|---|---|---|
| 001 | 117735 | ||
| 003 | ES-MaACL | ||
| 005 | 20251015063116.0 | ||
| 007 | t| | ||
| 008 | 070214s1923 it r ||||1| ita d | ||
| 100 | 1 |
_aPapini, Giovanni, _d1881-1956 _988874 |
|
| 245 | 1 | 0 |
_aDante vivo / _cGiovanni Papini. |
| 260 |
_aFirenze : _bFiorentina, _c1923. |
||
| 300 |
_a445 p., 1 lám. ; _c20 cm. |
||
| 600 | 0 | 4 |
_aDante Alighieri, _d1265-1321 _942657 |
| 852 |
_aES-MaACL _jA-2460 |
||
| 999 |
_c117735 _d117735 |
||